[Event "4NCL Div 1 2018-19"]
[Site "Daventry"]
[Date "2019.01.13"]
[Round "4"]
[White "Guichard, Pauline"]
[Black "Cyborowski, Lukasz"]
[Result "1/2-1/2"]
[WhiteElo "2378"]
[BlackElo "2523"]
[Annotator "TA"]
[PlyCount "94"]
[EventDate "2019.01.12"]
[EventCountry "GBR"]
[SourceTitle "playchess.com"]
[Source "ChessBase"]
[SourceQuality "1"]

{[%evp 11,94,0,3,0,16,16,16,7,12,14,18,10,8,6,14,14,27,16,7,25,18,0,0,0,0,0,0,0,0,-6,0,0,0,-16,-9,-10,0,-4,-7,-40,0,-20,-4,-45,-30,-36,-14,-43,-31,-19,0,-28,-13,-35,-18,-27,-14,-46,-51,-85,-28,-88,-4,-70,-64,-66,-56,-72,-72,-71,0,-12,0,-33,-36,-25,-28,-56,-52,-126,0,-25,0,-130,0]} 1. d4 Nf6 2. Nf3 d5 3. Bf4 Bf5 4. e3 e6 5. Bd3 Bxd3 6. Qxd3 Nbd7 {LiveBook: 6 Games} 7. c4 {D02: 1 d4 d5 2 Nf3 sidelines, including 2...Nf6 3 g3 and 2...Nf6 3 Bf4} (7. O-O Bd6 8. Bxd6 cxd6 9. Nbd2 O-O 10. c4 dxc4 11. Nxc4 d5 12. Nce5 Nxe5 13. Nxe5 Nd7 14. Nxd7 Qxd7 15. Rac1 Rac8 16. Qd2 Rxc1 17. Rxc1 Rc8 18. Rxc8+ Qxc8 19. h4 h5 20. g3 Qc7 21. Kf1 {½-½ (21) Lazic,M (2466)-Romero Holmes,A (2480) Monastir 2014}) 7... Bd6 $146 ({Predecessor:} 7... Bb4+ 8. Nc3 O-O 9. h3 Rc8 10. O-O Bd6 11. Bxd6 dxc4 12. Qxc4 cxd6 13. Qb4 Qb6 14. Qxb6 axb6 {0-1 (61) Rajkovic,F (1853)-Cotic,B (2116) Trogir 2017}) 8. cxd5 Nxd5 ({Much worse is} 8... Bxf4 $6 9. dxe6 Bd6 10. exd7+ Qxd7 11. Nbd2 $16) 9. Bg5 {The position is equal.} Be7 10. Bxe7 Qxe7 11. O-O O-O 12. Nc3 Rfd8 13. Rac1 {aiming for Nxd5.} c6 14. a3 N5f6 15. e4 e5 16. d5 Nb6 {[%cal Rc6d5]} 17. Rfe1 Rac8 18. Rcd1 cxd5 19. exd5 Nc4 20. Qe2 {[%cal Rf3e5]} Re8 21. h3 Qc7 22. Ne4 Nxe4 23. Qxe4 {[#] And now Rc1 would win.} Nd6 24. Qe3 e4 25. Nd4 Re5 26. a4 Qd7 ({Stronger than} 26... Rxd5 27. Nb5 $16) 27. Qb3 Rc5 28. Ne2 Re8 29. Nc3 a6 30. Rd4 f5 31. Qb6 Qc7 32. Rb4 Re7 33. Qxc7 Rexc7 34. Rd1 Kf7 35. h4 Rd7 ({Black should play} 35... Ke7 $17) 36. Kh2 (36. g4 $11) 36... Nc4 (36... Rc4 $17 37. Rb6 {[#]} e3 $1 {[%mdl 512]}) 37. Ne2 (37. Rd4 $11 Nd6 38. Kg3) 37... a5 38. Rb3 Nd6 39. Nf4 Rc2 40. Kg3 Rdc7 (40... Nc4 $17) 41. Ne6 Rd7 42. Rd4 Kf6 43. Rd1 g6 44. Nd4 Rc5 45. Ne2 (45. Ne6 $15 Rc2 46. Nd4) 45... Rc2 (45... Ke5 $17 46. Nc3 Rc4 47. f4+ Kf6) 46. Nd4 $11 Rc5 (46... Rc4 $11) 47. Ne2 $1 $17 Rc2 {Accuracy: White = 40%, Black = 42%.} (47... Rc4 $17 48. Nc3 Ke5) 1/2-1/2

[Event "4NCL Div 1 2018-19"]
[Site "Daventry"]
[Date "2019.01.13"]
[Round "4"]
[White "Jackson, James P"]
[Black "Palliser, Richard J D"]
[Result "1/2-1/2"]
[WhiteElo "2377"]
[BlackElo "2418"]
[Annotator "TA"]
[PlyCount "75"]
[EventDate "2019.01.12"]
[EventCountry "GBR"]
[SourceTitle "playchess.com"]
[Source "ChessBase"]
[SourceQuality "1"]

{[%evp 20,75,0,4,36,31,62,62,62,67,70,57,71,48,52,48,96,41,119,109,98,41,40,27,37,21,18,0,7,0,0,0,0,0,7,0,0,0,0,0,0,0,0,0,18,12,12,7,7,5,8,10,10,0,0,0,11,0]} 1. e4 c5 2. Nf3 d6 3. d4 cxd4 4. Nxd4 Nf6 5. Nc3 a6 6. Be2 e5 7. Nf3 Be7 8. Bg5 Be6 9. Bxf6 Bxf6 10. O-O O-O 11. Qd2 {LiveBook: 4 Games. B92: Sicilian Najdorf: 6 Be2} Nc6 12. Nd5 Bg4 $146 ({Predecessor:} 12... Nd4 13. Nxf6+ Qxf6 14. Nxd4 exd4 15. Bd3 d5 16. Qe2 dxe4 17. Qxe4 g6 18. Qxb7 Rfb8 {½-½ (40) Grandelius,N (2647)-Kotronias,V (2524) Stockholm 2017}) 13. c3 {White is slightly better.} Bxf3 14. Bxf3 Bg5 15. Qd3 g6 16. Bg4 Kg7 17. Rad1 Qa5 18. a3 (18. g3 $16) 18... Qc5 (18... Ne7 $14) 19. g3 h5 20. Bh3 ({White should try} 20. Be2 $16) 20... Ne7 $14 21. b4 Qa7 22. Nxe7 Bxe7 {The position is equal.} 23. Rd2 a5 24. Qb5 axb4 25. axb4 Rfd8 26. Rfd1 (26. Rd5 {looks sharper.} b6 27. Qc6 Qb8 28. Rb5 Ra6 29. c4) 26... Qa6 27. Qxa6 (27. Rd5 {is more complex.} b6 28. Qc6 h4 29. Bg4 Rh8 30. R5d2) 27... Rxa6 28. Rd5 Rc6 29. Rb5 Rb8 30. Rc1 Bg5 31. Rc2 Ra6 32. Bf1 Ra1 33. h4 Bd8 34. Kg2 b6 35. Rd5 Be7 36. Be2 Rba8 37. Rd1 R1a3 38. Bb5 {Accuracy: White = 48%, Black = 50%.} 1/2-1/2

[Event "4NCL Div 1 2018-19"]
[Site "Daventry"]
[Date "2019.01.13"]
[Round "4"]
[White "Rendle, Thomas E"]
[Black "Weaving, Richard"]
[Result "1/2-1/2"]
[WhiteElo "2377"]
[BlackElo "2330"]
[Annotator "NA"]
[PlyCount "41"]
[EventDate "2019.01.12"]
[EventCountry "GBR"]
[SourceTitle "playchess.com"]
[Source "ChessBase"]
[SourceQuality "1"]
[TimeControl "40"]

1. e4 {[%emt 0:00:37]} e5 {[%emt 0:08:24]} 2. Nf3 {[%emt 0:00:35]} Nc6 {[%emt 0:00:08]} 3. Bc4 {[%emt 0:00:05]} Nf6 {[%emt 0:00:13]} 4. d3 {[%emt 0:00:13]} Be7 {[%emt 0:01:50]} 5. O-O {[%emt 0:04:16]} O-O {[%emt 0:00:22]} 6. Re1 {[%emt 0:00:03]} d6 {[%emt 0:03:17]} 7. a4 {[%emt 0:00:18]} h6 {[%emt 0:02:01]} 8. a5 {[%emt 0:06:25]} a6 {[%emt 0:00:36]} 9. h3 {[%emt 0:05:20]} Nh7 {[%emt 0:07:02]} 10. Nc3 {[%emt 0:05:47]} Ng5 {[%emt 0:07:03]} 11. Nd5 {[%emt 0:00:20]} Nxf3+ {[%emt 0:04:48]} 12. Qxf3 {[%emt 0:00:08]} Nd4 {[%emt 0:06:17]} 13. Qd1 {[%emt 0:01:51]} Bg5 {[%emt 0:05:30]} 14. f4 {[%emt 0:19:36]} exf4 {[%emt 0:05:18]} 15. Nxf4 {[%emt 0:01:32]} Ne6 {[%emt 0:16:20]} 16. Nxe6 {[%emt 0:10:19]} Bxe6 {[%emt 0:01:11]} 17. Bxe6 {[%emt 0:02:52]} fxe6 {[%emt 0:00:15]} 18. Qg4 {[%emt 0:00:22]} Qf6 {[%emt 0:01:37]} 19. Bxg5 {[%emt 0:01:03]} hxg5 {[%emt 0:03:40]} 20. Rf1 {[%emt 0:04:36]} Qe5 {[%emt 0:01:16]} 21. c3 {[%emt 0:06:55]} 1/2-1/2

[Event "4NCL Div 1 2018-19"]
[Site "Daventry"]
[Date "2019.01.13"]
[Round "4"]
[White "Bates, Richard A"]
[Black "Fodor, Tamas Jr."]
[Result "0-1"]
[WhiteElo "2358"]
[BlackElo "2523"]
[Annotator "TA"]
[PlyCount "60"]
[EventDate "2019.01.12"]
[EventCountry "GBR"]
[SourceTitle "playchess.com"]
[Source "ChessBase"]
[SourceQuality "1"]

{[%evp 11,60,0,0,-26,-25,-52,-45,-49,-55,-51,-50,-47,-35,-28,-15,-47,-50,-48,-41,-44,-38,-63,-36,-77,-77,-67,-73,-81,-20,-9,-9,0,0,0,0,-83,-87,-118,-74,-127,-121,-126,-113,-225,-237,-203,0,-479,-312,-305,-285]} 1. d4 d5 2. c4 e6 3. Nf3 c6 4. g3 dxc4 5. Bg2 b5 6. O-O Bb7 {LiveBook: 129 Games} 7. e3 $146 {D30: Queen's Gambit Declined: Systems without Nc3} ({Predecessor:} 7. a4 Nd7 8. Nc3 a6 9. Ne5 Qc8 10. Ne4 Ngf6 11. Nxf7 Kxf7 12. Ng5+ Kg8 13. Bh3 g6 14. e4 h6 15. Bxe6+ Kg7 16. e5 Nd5 {1-0 (41) Grischuk,A (2716)-Timofeev,A (2664) Dagomys 2008}) 7... Nd7 8. Qe2 Ngf6 9. b3 {Black is slightly better.} cxb3 10. axb3 Qb6 11. Nc3 Bb4 12. Bb2 a5 13. Rfd1 O-O 14. Ne5 Rfd8 15. Nd3 Bf8 16. g4 c5 17. Bxb7 Qxb7 18. Nxc5 Nxc5 19. dxc5 b4 (19... Bxc5 $6 20. Rxd8+ Rxd8 21. Rxa5 $11) (19... Rxd1+ $17 20. Rxd1 Nd7 21. Nxb5 (21. Qxb5 Qxb5 22. Nxb5 Nxc5 $17) 21... Nxc5) 20. Na4 $11 Ne4 21. Rac1 $1 Rxd1+ 22. Qxd1 Rc8 {[%cal Ba8c8,Bc8c7,Bc7b7][%mdl 32] Strongly threatening ...Ng5.} 23. Qf3 {[#]} (23. f3 $11 {remains equal.} Nxc5 24. Nxc5 Rxc5 25. Rxc5 Bxc5 26. Qd8+ {[%mdl 64] Double Attack} Bf8 27. Bxg7 Kxg7 28. Qg5+ Kh8 29. Qf6+ Kg8 30. Qg5+ {[%mdl 64] Double Attack} Bg7 31. Qd8+ Bf8 32. Qg5+ Bg7 33. Qd8+ Bf8 34. Qg5+) 23... Qc6 $1 $36 {[%mdl 2048] Black is really pushing.} 24. Rc2 f6 (24... Bxc5 $2 25. Rc4 $18 (25. Bd4 f6 $18)) (24... Nxc5 $2 25. Qxc6 Rxc6 26. Bd4 $18) 25. Kg2 ({Better is} 25. Bd4) 25... Rc7 (25... Bxc5 $2 26. Rc4 $18 (26. Bd4 Nc3 $11)) (25... Nxc5 $2 26. Qxc6 Rxc6 27. Bd4 $18) 26. h4 Qd5 ({But not} 26... Bxc5 $2 27. Rc4 $18 (27. Bd4 Nc3 $11)) ({Avoid the trap} 26... Nxc5 $2 27. Qxc6 Rxc6 28. Bd4 $18) 27. Nb6 (27. Bd4 $17) 27... Qd3 $19 28. Rc4 {[#]} Nxc5 $2 (28... Nd2 $1 $19 {[%cal Rd2f3]} 29. Qd1 Bxc5) 29. e4 $2 {[%mdl 8192]} (29. Bd4 $1 $11) 29... Qxf3+ 30. Kxf3 Rb7 {Accuracy: White = 41%, Black = 59%.} 0-1

[Event "4NCL Div 1 2018-19"]
[Site "Daventry"]
[Date "2019.01.13"]
[Round "4"]
[White "Taylor, Adam C"]
[Black "Le Roux, Jean-Pierre"]
[Result "0-1"]
[WhiteElo "2356"]
[BlackElo "2533"]
[Annotator "TA"]
[PlyCount "46"]
[EventDate "2019.01.12"]
[EventCountry "GBR"]
[SourceTitle "playchess.com"]
[Source "ChessBase"]
[SourceQuality "1"]

{[%evp 19,46,10,2,-21,-15,-18,-11,-14,-16,-87,-84,-150,-154,-147,-147,-164,-152,-214,-204,-213,-165,-176,-174,-239,-236,-228,-240,-245,-231]} 1. Nf3 Nf6 2. g3 g6 3. c4 b6 4. Bg2 Bb7 5. O-O c5 6. Nc3 Bg7 7. d4 cxd4 8. Qxd4 d6 9. Qh4 h6 {[%cal Bh7h6,Bh6h5][%mdl 32] A30: Symmetrical English: Double Fianchetto and Hedgehog} 10. Rd1 Nbd7 {LiveBook: 24 Games} 11. Qh3 Rc8 {The position is equal.} 12. Nd2 Bxg2 13. Qxg2 Ng4 $146 ({Predecessor:} 13... O-O 14. b3 {1-0 (61) Nikolic,P (2620)-Baragar,F (2320) Zagreb 1987}) 14. Qe4 (14. Nd5 $11) 14... h5 $17 15. Nb3 (15. Qc2 $142) 15... Bxc3 {Black is clearly better.} 16. bxc3 Ndf6 $36 {[%mdl 2048] Keeping White busy.} 17. Qd4 h4 {White must now prevent ...hxg3.} 18. Bg5 (18. f3 $17 Ne5 19. c5 bxc5 20. Qf2) 18... hxg3 $19 19. hxg3 Rh5 20. Bxf6 Nxf6 21. Kg2 {[#]} (21. c5 $142) 21... Qd7 $1 22. Rh1 Qc6+ ({Much less strong is} 22... e5 23. Qd3) 23. f3 Qxc4 {Accuracy: White = 25%, Black = 97%.} 0-1

[Event "4NCL Div 1 2018-19"]
[Site "Daventry"]
[Date "2019.01.13"]
[Round "4"]
[White "Gourlay, Iain"]
[Black "Tyomkyn, Mikhail"]
[Result "1/2-1/2"]
[WhiteElo "2351"]
[BlackElo "2111"]
[Annotator "NA"]
[PlyCount "29"]
[EventDate "2019.01.12"]
[EventCountry "GBR"]
[SourceTitle "playchess.com"]
[Source "ChessBase"]
[SourceQuality "1"]
[TimeControl "40"]

1. c4 {[%emt 0:00:00]} g6 {[%emt 0:00:00]} 2. g3 {[%emt 0:00:00]} Bg7 {[%emt 0:00:00]} 3. Bg2 {[%emt 0:00:00]} Nf6 {[%emt 0:00:00]} 4. Nc3 {[%emt 0:00:00]} O-O {[%emt 0:00:00]} 5. Rb1 {[%emt 0:00:00]} c6 {[%emt 0:00:00]} 6. e4 {[%emt 0:00:00]} d5 {[%emt 0:00:00]} 7. cxd5 {[%emt 0:00:00]} cxd5 {[%emt 0:00:00]} 8. exd5 {[%emt 0:00:00]} Na6 {[%emt 0:00:00]} 9. b4 {[%emt 0:00:00]} Bf5 {[%emt 0:00:00]} 10. d3 {[%emt 0:00:00]} Rc8 {[%emt 0:00:00]} 11. Nge2 {[%emt 0:00:00]} Nc7 {[%emt 0:00:00]} 12. Nf4 {[%emt 0:00:00]} Nh5 {[%emt 0:00:00]} 13. Nfe2 {[%emt 0:00:00]} Nf6 {[%emt 0:00:00]} 14. Nf4 {[%emt 0:00:00]} Nh5 {[%emt 0:00:00]} 15. Nfe2 {[%emt 0:00:00]} 1/2-1/2

[Event "4NCL Div 1 2018-19"]
[Site "Daventry"]
[Date "2019.01.13"]
[Round "4"]
[White "Kulon, Klaudia"]
[Black "Wadsworth, Matthew J"]
[Result "0-1"]
[WhiteElo "2347"]
[BlackElo "2373"]
[Annotator "NA"]
[PlyCount "94"]
[EventDate "2019.01.12"]
[EventCountry "GBR"]
[SourceTitle "playchess.com"]
[Source "ChessBase"]
[SourceQuality "1"]
[TimeControl "40"]

1. c4 {[%emt 0:00:00]} e5 {[%emt 0:00:00]} 2. g3 {[%emt 0:00:00]} h5 {[%emt 0:00:00]} 3. h4 {[%emt 0:00:00]} Nc6 {[%emt 0:00:00]} 4. Bg2 {[%emt 0:00:00]} Bc5 {[%emt 0:00:00]} 5. Nc3 {[%emt 0:00:00]} d6 {[%emt 0:00:00]} 6. Na4 {[%emt 0:00:00]} Bb6 {[%emt 0:00:00]} 7. Nxb6 {[%emt 0:00:00]} axb6 {[%emt 0:00:00]} 8. d3 {[%emt 0:00:00]} Nge7 {[%emt 0:00:00]} 9. e4 {[%emt 0:00:00]} Nd4 {[%emt 0:00:00]} 10. Nh3 {[%emt 0:00:00]} f6 {[%emt 0:00:00]} 11. O-O {[%emt 0:00:00]} Be6 {[%emt 0:00:00]} 12. Be3 {[%emt 0:00:00]} Qd7 {[%emt 0:00:00]} 13. Kh2 {[%emt 0:00:00]} Nec6 {[%emt 0:00:00]} 14. a3 {[%emt 0:00:00]} b5 {[%emt 0:00:00]} 15. Rc1 {[%emt 0:00:00]} Bg4 {[%emt 0:00:00]} 16. f3 {[%emt 0:00:00]} Be6 {[%emt 0:00:00]} 17. Rc3 {[%emt 0:00:00]} bxc4 {[%emt 0:00:00]} 18. dxc4 {[%emt 0:00:00]} b5 {[%emt 0:00:00]} 19. cxb5 {[%emt 0:00:00]} Nxb5 {[%emt 0:00:00]} 20. Rc1 {[%emt 0:00:00]} Ncd4 {[%emt 0:00:00]} 21. Ng1 {[%emt 0:00:00]} Nb3 {[%emt 0:00:00]} 22. Rc2 {[%emt 0:00:00]} N5d4 {[%emt 0:00:00]} 23. Rc3 {[%emt 0:00:00]} Rb8 {[%emt 0:00:00]} 24. Bh3 {[%emt 0:00:00]} c5 {[%emt 0:00:00]} 25. f4 {[%emt 0:00:00]} Bg4 {[%emt 0:00:00]} 26. Qd3 {[%emt 0:00:00]} O-O {[%emt 0:00:00]} 27. f5 {[%emt 0:00:00]} Qb5 {[%emt 0:00:00]} 28. Qb1 {[%emt 0:00:00]} Rf7 {[%emt 0:00:00]} 29. Rf2 {[%emt 0:00:00]} Bxh3 {[%emt 0:00:00]} 30. Nxh3 {[%emt 0:00:00]} Rfb7 {[%emt 0:00:00]} 31. Qd1 {[%emt 0:00:00]} Qc6 {[%emt 0:00:00]} 32. Qxh5 {[%emt 0:00:00]} Qxe4 {[%emt 0:00:00]} 33. g4 {[%emt 0:00:00]} Nf3+ {[%emt 0:00:00]} 34. Kg3 {[%emt 0:00:00]} Nbd4 {[%emt 0:00:00]} 35. b4 {[%emt 0:00:00]} c4 {[%emt 0:00:00]} 36. Bxd4 {[%emt 0:00:00]} Nxd4 {[%emt 0:00:00]} 37. Kh2 {[%emt 0:00:00]} Ne2 {[%emt 0:00:00]} 38. Rcf3 {[%emt 0:00:00]} c3 {[%emt 0:00:00]} 39. g5 {[%emt 0:00:00]} c2 {[%emt 0:00:00]} 40. Rf1 {[%emt 0:00:00]} c1=Q {[%emt 0:00:00]} 41. Rxc1 {[%emt 0:00:00]} Nxc1 {[%emt 0:00:00]} 42. g6 {[%emt 0:00:00]} Qc4 {[%emt 0:00:00]} 43. Ng5 {[%emt 0:00:00]} fxg5 {[%emt 0:00:00]} 44. hxg5 {[%emt 0:00:00]} Ne2 {[%emt 0:00:00]} 45. Qh7+ {[%emt 0:00:00]} Kf8 {[%emt 0:00:00]} 46. f6 {[%emt 0:00:00]} Nf4 {[%emt 0:00:00]} 47. Rf2 {[%emt 0:00:00]} Qg8 {[%emt 0:00:00]} 0-1

[Event "4NCL Div 1 2018-19"]
[Site "Daventry"]
[Date "2019.01.13"]
[Round "4"]
[White "Kilpatrick, Callum"]
[Black "Maciol, Ryszard"]
[Result "1-0"]
[WhiteElo "2344"]
[BlackElo "2163"]
[Annotator "NA"]
[PlyCount "99"]
[EventDate "2019.01.12"]
[EventCountry "GBR"]
[SourceTitle "playchess.com"]
[Source "ChessBase"]
[SourceQuality "1"]
[TimeControl "40"]

1. e4 {[%emt 0:00:00]} e6 {[%emt 0:00:00]} 2. d3 {[%emt 0:00:00]} d5 {[%emt 0:00:00]} 3. Nd2 {[%emt 0:00:00]} Nf6 {[%emt 0:00:00]} 4. Ngf3 {[%emt 0:00:00]} Be7 {[%emt 0:00:00]} 5. g3 {[%emt 0:00:00]} c5 {[%emt 0:00:00]} 6. Bg2 {[%emt 0:00:00]} Nc6 {[%emt 0:00:00]} 7. O-O {[%emt 0:00:00]} Qc7 {[%emt 0:00:00]} 8. Re1 {[%emt 0:00:00]} dxe4 {[%emt 0:00:00]} 9. dxe4 {[%emt 0:00:00]} O-O {[%emt 0:00:00]} 10. c3 {[%emt 0:00:00]} Rd8 {[%emt 0:00:00]} 11. Qc2 {[%emt 0:00:00]} b6 {[%emt 0:00:00]} 12. Nc4 Ba6 {[%emt 0:00:00]} 13. Bf1 {[%emt 0:00:00]} b5 {[%emt 0:00:00]} 14. Bf4 {[%emt 0:00:00]} Qb7 {[%emt 0:00:00]} 15. Ncd2 {[%emt 0:00:00]} h6 {[%emt 0:00:00]} 16. h4 {[%emt 0:00:00]} Rd7 {[%emt 0:00:00]} 17. a4 {[%emt 0:00:00]} bxa4 {[%emt 0:00:00]} 18. Bxa6 {[%emt 0:00:00]} Qxa6 {[%emt 0:00:00]} 19. Rxa4 {[%emt 0:00:00]} Qb7 {[%emt 0:00:00]} 20. Rea1 {[%emt 0:00:00]} Nh5 {[%emt 0:00:00]} 21. Be3 {[%emt 0:00:00]} Qc7 {[%emt 0:00:00]} 22. Nc4 {[%emt 0:00:00]} Nf6 {[%emt 0:00:00]} 23. Bf4 {[%emt 0:00:00]} Qc8 {[%emt 0:00:00]} 24. Nb6 {[%emt 0:00:00]} Qb7 {[%emt 0:00:00]} 25. Nxa8 {[%emt 0:00:00]} Qxa8 {[%emt 0:00:00]} 26. Ne5 {[%emt 0:00:00]} Nxe5 {[%emt 0:00:00]} 27. Bxe5 {[%emt 0:00:00]} Ng4 {[%emt 0:00:00]} 28. Bf4 {[%emt 0:00:00]} e5 {[%emt 0:00:00]} 29. Bc1 {[%emt 0:00:00]} Bd8 {[%emt 0:00:00]} 30. Qe2 {[%emt 0:00:00]} Nf6 {[%emt 0:00:00]} 31. Be3 {[%emt 0:00:00]} Bb6 {[%emt 0:00:00]} 32. Qc4 {[%emt 0:00:00]} Qd8 {[%emt 0:00:00]} 33. Kg2 {[%emt 0:00:00]} Ng4 {[%emt 0:00:00]} 34. Re1 {[%emt 0:00:00]} Qf6 {[%emt 0:00:00]} 35. Qe2 {[%emt 0:00:00]} Nxe3+ {[%emt 0:00:00]} 36. Qxe3 {[%emt 0:00:00]} c4 {[%emt 0:00:00]} 37. Qe2 {[%emt 0:00:00]} Qd8 {[%emt 0:00:00]} 38. Rxc4 {[%emt 0:00:00]} Kh7 {[%emt 0:00:00]} 39. Qf3 {[%emt 0:00:00]} g6 {[%emt 0:00:00]} 40. Rc6 {[%emt 0:00:00]} Kg7 {[%emt 0:00:00]} 41. h5 {[%emt 0:00:00]} Qg5 {[%emt 0:00:00]} 42. Rd1 {[%emt 0:00:00]} Rxd1 {[%emt 0:00:00]} 43. Qxd1 {[%emt 0:00:00]} gxh5 {[%emt 0:00:00]} 44. Qd6 {[%emt 0:00:00]} h4 {[%emt 0:00:00]} 45. Rc8 {[%emt 0:00:00]} hxg3 {[%emt 0:00:00]} 46. Qf8+ {[%emt 0:00:00]} Kg6 {[%emt 0:00:00]} 47. Qg8+ {[%emt 0:00:00]} Kf6 {[%emt 0:00:00]} 48. Rc6+ {[%emt 0:00:00]} Ke7 {[%emt 0:00:00]} 49. Qxg5+ {[%emt 0:00:00]} hxg5 {[%emt 0:00:00]} 50. Kxg3 {[%emt 0:00:00]} 1-0

[Event "4NCL Div 1 2018-19"]
[Site "Daventry"]
[Date "2019.01.13"]
[Round "4"]
[White "Sowray, Peter J"]
[Black "Chow, Samuel"]
[Result "1-0"]
[WhiteElo "2344"]
[BlackElo "2331"]
[Annotator "NA"]
[PlyCount "76"]
[EventDate "2019.01.12"]
[EventCountry "GBR"]
[SourceTitle "playchess.com"]
[Source "ChessBase"]
[SourceQuality "1"]
[TimeControl "40"]

1. d4 {[%emt 0:00:00]} Nf6 {[%emt 0:00:00]} 2. c4 {[%emt 0:00:00]} g6 {[%emt 0:00:00]} 3. Nc3 {[%emt 0:00:00]} d5 {[%emt 0:00:00]} 4. Nf3 {[%emt 0:00:00]} Bg7 {[%emt 0:00:00]} 5. Qb3 {[%emt 0:00:00]} dxc4 {[%emt 0:00:00]} 6. Qxc4 {[%emt 0:00:00]} O-O {[%emt 0:00:00]} 7. e4 {[%emt 0:00:00]} Be6 {[%emt 0:00:00]} 8. Qd3 {[%emt 0:00:00]} c5 {[%emt 0:00:00]} 9. d5 {[%emt 0:00:00]} Bc8 {[%emt 0:00:00]} 10. Be3 {[%emt 0:00:00]} b6 {[%emt 0:00:00]} 11. Qd2 {[%emt 0:00:00]} e6 {[%emt 0:00:00]} 12. Bc4 {[%emt 0:00:00]} exd5 {[%emt 0:00:00]} 13. exd5 {[%emt 0:00:00]} Re8 {[%emt 0:00:00]} 14. O-O {[%emt 0:00:00]} Ne4 {[%emt 0:00:00]} 15. Nxe4 {[%emt 0:00:00]} Rxe4 {[%emt 0:00:00]} 16. Bb3 {[%emt 0:00:00]} c4 {[%emt 0:00:00]} 17. Bg5 {[%emt 0:00:00]} f6 {[%emt 0:00:00]} 18. Bc2 {[%emt 0:00:00]} Re8 {[%emt 0:00:00]} 19. Bf4 {[%emt 0:00:00]} Bb7 {[%emt 0:00:00]} 20. Ba4 {[%emt 0:00:00]} Re4 {[%emt 0:00:00]} 21. Rae1 {[%emt 0:00:00]} f5 {[%emt 0:00:00]} 22. d6 {[%emt 0:00:00]} Na6 {[%emt 0:00:00]} 23. Rxe4 {[%emt 0:00:00]} fxe4 {[%emt 0:00:00]} 24. Ng5 {[%emt 0:00:00]} h6 {[%emt 0:00:00]} 25. Ne6 {[%emt 0:00:00]} Qf6 {[%emt 0:00:00]} 26. Nxg7 {[%emt 0:00:00]} Kxg7 {[%emt 0:00:00]} 27. Bxh6+ {[%emt 0:00:00]} Kh7 {[%emt 0:00:00]} 28. Bg5 {[%emt 0:00:00]} Qf7 {[%emt 0:00:00]} 29. d7 {[%emt 0:00:00]} Nc5 {[%emt 0:00:00]} 30. d8=Q {[%emt 0:00:00]} Rxd8 {[%emt 0:00:00]} 31. Qxd8 {[%emt 0:00:00]} Nxa4 {[%emt 0:00:00]} 32. Bf6 {[%emt 0:00:00]} g5 {[%emt 0:00:00]} 33. Rd1 {[%emt 0:00:00]} Nc5 {[%emt 0:00:00]} 34. Rd6 {[%emt 0:00:00]} e3 {[%emt 0:00:00]} 35. fxe3 {[%emt 0:00:00]} Ne6 {[%emt 0:00:00]} 36. Qd7 {[%emt 0:00:00]} Qxd7 {[%emt 0:00:00]} 37. Rxd7+ {[%emt 0:00:00]} Kg6 {[%emt 0:00:00]} 38. Rxb7 {[%emt 0:00:00]} Kxf6 {[%emt 0:00:00]} 1-0

[Event "4NCL Div 1 2018-19"]
[Site "Daventry"]
[Date "2019.01.13"]
[Round "4"]
[White "Kalavannan, Koby"]
[Black "Batchelor, Peter J"]
[Result "1-0"]
[WhiteElo "2339"]
[BlackElo "2316"]
[Annotator "NA"]
[PlyCount "105"]
[EventDate "2019.01.12"]
[EventCountry "GBR"]
[SourceTitle "playchess.com"]
[Source "ChessBase"]
[SourceQuality "1"]
[TimeControl "40"]

1. d4 {[%emt 0:00:00]} c5 {[%emt 0:00:00]} 2. d5 {[%emt 0:00:00]} e5 {[%emt 0:00:00]} 3. e4 {[%emt 0:00:00]} d6 {[%emt 0:00:00]} 4. Nc3 {[%emt 0:00:00]} Be7 {[%emt 0:00:00]} 5. Nf3 {[%emt 0:00:00]} Bg4 {[%emt 0:00:00]} 6. a4 {[%emt 0:00:00]} a6 {[%emt 0:00:00]} 7. a5 {[%emt 0:00:00]} Nd7 {[%emt 0:00:00]} 8. Be3 {[%emt 0:00:00]} Bxf3 {[%emt 0:00:00]} 9. Qxf3 {[%emt 0:00:00]} Bg5 {[%emt 0:00:00]} 10. Nd1 {[%emt 0:00:00]} h6 {[%emt 0:00:00]} 11. b3 {[%emt 0:00:00]} Qf6 {[%emt 0:00:00]} 12. Nb2 {[%emt 0:00:00]} Bxe3 {[%emt 0:00:00]} 13. Qxe3 {[%emt 0:00:00]} Qf4 {[%emt 0:00:00]} 14. Qxf4 {[%emt 0:00:00]} exf4 {[%emt 0:00:00]} 15. Nc4 {[%emt 0:00:00]} Ke7 {[%emt 0:00:00]} 16. g3 {[%emt 0:00:00]} Ngf6 {[%emt 0:00:00]} 17. gxf4 {[%emt 0:00:00]} Nxe4 {[%emt 0:00:00]} 18. Bg2 {[%emt 0:00:00]} Nc3 {[%emt 0:00:00]} 19. Kd2 {[%emt 0:00:00]} Nb5 {[%emt 0:00:00]} 20. Rae1+ {[%emt 0:00:00]} Kf8 {[%emt 0:00:00]} 21. Re3 {[%emt 0:00:00]} Re8 {[%emt 0:00:00]} 22. Rhe1 {[%emt 0:00:00]} Nf6 {[%emt 0:00:00]} 23. Nb6 {[%emt 0:00:00]} Rxe3 {[%emt 0:00:00]} 24. Rxe3 {[%emt 0:00:00]} g5 {[%emt 0:00:00]} 25. c3 {[%emt 0:00:00]} gxf4 {[%emt 0:00:00]} 26. Re1 {[%emt 0:00:00]} Rg8 {[%emt 0:00:00]} 27. Bh3 {[%emt 0:00:00]} Rg5 {[%emt 0:00:00]} 28. Bc8 {[%emt 0:00:00]} Rg2 {[%emt 0:00:00]} 29. Bxb7 {[%emt 0:00:00]} Rxf2+ {[%emt 0:00:00]} 30. Re2 {[%emt 0:00:00]} Ne4+ {[%emt 0:00:00]} 31. Ke1 {[%emt 0:00:00]} Rxe2+ {[%emt 0:00:00]} 32. Kxe2 {[%emt 0:00:00]} Nexc3+ {[%emt 0:00:00]} 33. Kf3 {[%emt 0:00:00]} Nd4+ {[%emt 0:00:00]} 34. Kxf4 {[%emt 0:00:00]} Nxb3 {[%emt 0:00:00]} 35. Nc4 {[%emt 0:00:00]} Ke7 {[%emt 0:00:00]} 36. Kg4 {[%emt 0:00:00]} Nd4 {[%emt 0:00:00]} 37. Ne3 {[%emt 0:00:00]} Kf6 {[%emt 0:00:00]} 38. Bxa6 {[%emt 0:00:00]} Ke5 {[%emt 0:00:00]} 39. Bb7 {[%emt 0:00:00]} f5+ {[%emt 0:00:00]} 40. Kh3 {[%emt 0:00:04]} Ndb5 {[%emt 0:00:00]} 41. a6 {[%emt 0:00:00]} Ne4 {[%emt 0:00:00]} 42. Nc2 {[%emt 0:00:00]} f4 {[%emt 0:00:00]} 43. Na3 {[%emt 0:00:00]} Nc7 {[%emt 0:00:00]} 44. a7 {[%emt 0:03:56]} Nc3 {[%emt 0:00:00]} 45. Nc4+ {[%emt 0:00:00]} Kd4 {[%emt 0:00:00]} 46. Nxd6 {[%emt 0:00:00]} N3xd5 {[%emt 0:00:00]} 47. Ne8 {[%emt 0:00:00]} c4 {[%emt 0:00:00]} 48. Bxd5 {[%emt 0:00:00]} c3 {[%emt 0:00:00]} 49. Nxc7 {[%emt 0:00:00]} c2 {[%emt 0:00:00]} 50. a8=Q {[%emt 0:00:00]} c1=Q {[%emt 0:00:00]} 51. Qa4+ {[%emt 0:00:00]} Ke5 {[%emt 0:00:00]} 52. Qe8+ {[%emt 0:00:00]} Kd4 {[%emt 0:00:00]} 53. Qe4+ {[%emt 0:00:00] Kxd5 [%emt 00:00:55]} 1-0